Culture Générale - Série 2251 - Statistiques

Statistiques générales
  • Ce quiz a été pris 109 fois
  • Le résultat moyen est 4 sur 10
Statistiques - réponses
Question Réponse % Correct
Dans quelle ville peut-on admirer le tableau de Picasso intitulé Guernica ? Madrid
86%
Dans quel état des Etats Unis se trouve la ville de Pasadena ? Californie
73%
Groupe de personnes interrogées régulièrement sur leurs opinions ou leurs attitudes panel
60%
Quelle était la profession d'Yves Saint-Martin ? jockey
49%
Dans quel pays se trouve l'état de Sinaloa ? Mexique
40%
Qui est l’acteur principal du film "Le train sifflera trois fois" réalisé en 1952 ? prénom et nom Gary Cooper
21%
Dans le roman "Les Misérables" de Victor Hugo, elle est la fille cadette des Thénardier, sœur d'Éponine et de Gavroche Azelma
18%
Qui a réalisé le film tiré du roman "Les raisins de la colère" ? prénom et nom John Ford
16%
Dans quel département Henri Grouès, dit l'abbé Pierre a-t-il été élu député à trois reprises ? voir photo Meurthe-et-Moselle
13%
Perchoir des oiseaux de basse-cour - 7 lettres commençant par " j " juchoir
12%
Aucun quiz correspondant
Distribution des résultats
% des personnes avec chaque résultat
Percentile par nombre de réponses
Votre historique - résultats
Vous n’avez pas pris ce quiz